Frans Hals
Gorde:
| Egile nagusia: | |
|---|---|
| Formatua: | Liburua |
| Hizkuntza: | frantsesa |
| Argitaratua: |
París
Arts et Metiers Graphiques
1970
|
| Edizioa: | 1a. ed |
| Saila: | Les Petits Classiques de l' Art
|
| Gaiak: | |
| Etiketak: |
Etiketa erantsi
Etiketarik gabe, Izan zaitez lehena erregistro honi etiketa jartzen!
|
MARC
| LEADER | 00000cam a2200000 a 4500 | ||
|---|---|---|---|
| 001 | UCE1415 | ||
| 003 | CL-VaPUC | ||
| 008 | 140414e19700000fr |||||||||||||||||fre|d | ||
| 082 | 0 | 4 | |a 759.9492 |b BER |2 21 |
| 100 | 0 | |a Bernabei, Franco |e author |9 573707 | |
| 245 | 1 | 0 | |a Frans Hals |
| 250 | |a 1a. ed | ||
| 300 | |a 40 p | ||
| 942 | |c BK | ||
| 945 | |d 20140414 |a dcastane | ||
| 260 | |a París |b Arts et Metiers Graphiques |c 1970 | ||
| 650 | 7 | |a PINTORES HOLANDESES |2 CL-VaPUC |9 573708 | |
| 650 | 0 | |a Pintura holandesa |9 267860 | |
| 583 | |a last modification |c 20140424 10:35:01 |k Rodrigo Vera | ||
| 490 | 0 | |a Les Petits Classiques de l' Art | |
| 999 | |c 355202 |d 355200 | ||
| 952 | |0 0 |1 0 |3 erb |4 0 |6 759_949200000000000_BER_1970 |7 0 |8 A |9 461751 |a BIBART |b BIBART |i 5055466 |o 759.9492 BER 1970 |p 5055466 |r 2025-03-13 |w 2019-11-23 |y BK |z Catalogado en:20140414 |k ART | ||